Biggest French Speaking Cities - Statistics

General Stats
  • This quiz has been taken 5,348 times
    633 since last reset
  • The average score is 12 of 21
Answer Stats
Population City % Correct
11.6 m Paris
100%
1.73 m Marseille
94%
2.05 m Lyon
93%
16.9 m Kinshasa
87%
4.68 m Montréal
79%
4.38 m Dakar
74%
2.55 m Brazzaville
70%
2.82 m Brussels
67%
7.30 m Abidjan
62%
3.90 m Yaoundé
60%
4.00 m Conakry
50%
3.15 m Port-au-Prince
50%
2.03 m N'Djamena
48%
2.73 m Lomé
45%
3.95 m Douala
44%
1.74 m Bangui
39%
3.25 m Antananarivo
38%
2.98 m Lubumbashi
36%
2.23 m Cotonou
33%
2.05 m Kigali
32%
2.60 m Mbuji-Mayi
25%
No matching quizzes found
Score Distribution
Percent of People with Each Score
Percentile by Number Answered
Your Score History
You have not taken this quiz since the last reset